[Event "RUS-chT Blitz Men 2018"]
[Site "Sochi"]
[Date "2018.10.10"]
[Round "10"]
[White "Chekhov, Sergei"]
[Black "Kamsky, Gata"]
[Result "1/2-1/2"]
[WhiteElo "2463"]
[BlackElo "2666"]
[Annotator "TA"]
[PlyCount "115"]
[EventDate "2018.10.10"]
[EventType "swiss"]
[EventCountry "RUS"]
[SourceTitle "playchess.com"]
[Source "ChessBase"]
[SourceQuality "1"]

{[%evp 13,115,33,43,33,34,30,45,37,60,44,34,39,23,17,91,85,94,18,14,6,18,0,16,7,10,8,10,8,27,19,31,0,26,8,12,8,14,9,12,11,21,14,17,0,0,0,4,0,13,0,17,21,19,-59,0,-57,-57,-57,-57,-57,-57,-57,-57,-57,-57,-57,-57,-57,-57,-57,-57,-57,-57,-57,-57,-57,-57,-57,-57,-57,-57,-71,-57,-57,-57,-57,-57,-71,-71,-71,-56,-56,-56,-56,-56,-56,-56,-56,-56,-56,-56,-56,-56,-56]} 1. e4 b6 2. d4 Bb7 3. Nd2 g6 4. c3 (4. Ngf3 Bg7 5. Bc4 e6 6. O-O Ne7 7. a4 O-O 8. Re1 d5 9. Bd3 c5 10. exd5 exd5 11. a5 {1-0 (63) Xiang,Z (2423)-Liu,Y (2505) Tianjin 2018}) 4... Bg7 5. Ngf3 d6 6. Bd3 {B00: Queen's Fianchetto Defence, Nimzowitsch Defence} e6 7. O-O Nd7 {LiveBook: 3 Games} 8. h3 {White is slightly better.} Ne7 9. Re1 O-O 10. a4 a6 $146 ({Predecessor:} 10... c5 11. Bc2 Qc7 12. Ra3 Rac8 {0-1 (60) Danilov,A (1952)-Asrian,A (2178) Kimry 2007}) 11. Nf1 c5 12. Bg5 h6 13. Bf4 e5 {[#]} (13... cxd4 $11 {keeps the balance.} 14. cxd4 e5) 14. dxe5 $1 $16 dxe5 15. Bc1 (15. Bg3 $16) 15... Qc7 16. Ne3 Nf6 17. Qc2 b5 {Black wants to play ...c4.} 18. axb5 axb5 19. Rxa8 Bxa8 20. Bxb5 {Threatening Bd3.} Bxe4 21. Qe2 Bb7 22. Nh2 e4 23. Neg4 Nxg4 24. Nxg4 h5 25. Ne3 Rd8 26. Rd1 Rd6 27. Rxd6 Qxd6 28. Qd1 (28. h4 {with more complications.} Bc6 29. Bc4 Nc8 30. Bb3 Nb6 31. Qa6) 28... Qxd1+ 29. Nxd1 Nd5 30. Ne3 Nf4 31. Kf1 Nd3 32. Bxd3 $1 exd3 $11 {[%mdl 4096] Endgame KBB-KBN} 33. Ke1 {[#]} (33. Bd2 $11) 33... Bh6 (33... c4 $1 $15 {[%mdl 512]}) 34. f3 {[#]} ({White should play} 34. b3 $11) 34... c4 $1 $15 {[%mdl 512]} 35. Bd2 (35. Nxc4 Bxc1) 35... Bxe3 $1 36. Bxe3 {KB-KB} Kf8 37. Kd2 Ba6 38. g4 Ke7 39. gxh5 gxh5 40. Bg5+ Ke6 41. Ke3 Ke5 42. Bd8 Bc8 43. h4 Bf5 44. Bc7+ Kd5 45. Bf4 Kc5 46. Kd2 Kb5 47. Bg5 Ka4 48. Be7 Kb3 49. Kc1 Be6 50. Bd6 Bd5 51. f4 f5 52. Be5 {Black is slightly better.} Bf3 53. Bd4 Bg4 54. Be5 Ka4 55. Bd4 Kb5 56. Kd2 Kc6 57. Ke3 Kd5 58. Be5 {Precision: White = 50%, Black = 63%.} 1/2-1/2

[Event "RUS-chT Blitz Men 2018"]
[Site "Sochi"]
[Date "2018.10.10"]
[Round "10"]
[White "Belyakov, Bogdan"]
[Black "Inozemtsev, Sergei"]
[Result "1-0"]
[WhiteElo "2458"]
[BlackElo "2310"]
[Annotator "RC"]
[PlyCount "73"]
[EventDate "2018.10.10"]
[EventType "swiss"]
[EventCountry "RUS"]
[SourceTitle "playchess.com"]
[Source "ChessBase"]
[SourceQuality "1"]
[TimeControl "180+2"]

1. e4 {[%emt 0:00:00]} e6 {[%emt 0:00:00]} 2. d4 {[%emt 0:00:00]} d5 {[%emt 0:00:01]} 3. Nc3 {[%emt 0:00:00]} Bb4 {[%emt 0:00:01]} 4. Nge2 {[%emt 0:00:06]} dxe4 {[%emt 0:00:14]} 5. a3 {[%emt 0:00:01]} Be7 {[%emt 0:00:25]} 6. Nxe4 {[%emt 0:00:02]} Nf6 {[%emt 0:00:02]} 7. N2c3 {[%emt 0:00:26]} Nc6 {[%emt 0:00:03]} 8. Be3 {[%emt 0:00:04]} Nd5 {[%emt 0:00:07]} 9. Qg4 {[%emt 0:00:14]} g6 {[%emt 0:00:24]} 10. Qf3 {[%emt 0:00:14]} f5 {[%emt 0:00:05]} 11. Nd2 {[%emt 0:00:23]} Nxe3 {[%emt 0:00:12]} 12. fxe3 {[%emt 0:00:03]} e5 {[%emt 0:00:05]} 13. O-O-O {[%emt 0:00:25]} e4 {[%emt 0:00:06]} 14. Qf2 {[%emt 0:00:06]} Bg5 {[%emt 0:00:34]} 15. h4 {[%emt 0:00:04]} Bh6 {[%emt 0:00:05]} 16. h5 {[%emt 0:00:07]} Qg5 {[%emt 0:00:17]} 17. hxg6 {[%emt 0:00:04]} hxg6 {[%emt 0:00:02]} 18. Nd5 {[%emt 0:00:04]} Kd8 {[%emt 0:00:02]} 19. Nc4 {[%emt 0:00:16]} Bd7 {[%emt 0:00:07]} 20. Ne5 {[%emt 0:00:05]} Nxe5 {[%emt 0:00:10]} 21. dxe5 {[%emt 0:00:01]} Kc8 {[%emt 0:00:02]} 22. Kb1 {[%emt 0:00:04]} a5 {[%emt 0:00:05]} 23. Bc4 {[%emt 0:00:08]} Kb8 {[%emt 0:00:17]} 24. Nf4 {[%emt 0:00:06]} Bc8 {[%emt 0:00:03]} 25. Bf7 {[%emt 0:00:03]} Rd8 {[%emt 0:00:06]} 26. Rxd8 {[%emt 0:00:07]} Qxd8 {[%emt 0:00:01]} 27. Rxh6 {[%emt 0:00:02]} Qd1+ {[%emt 0:00:01]} 28. Ka2 {[%emt 0:00:01]} Ra6 {[%emt 0:00:03]} 29. Qe2 {[%emt 0:00:01]} Qd8 {[%emt 0:00:08]} 30. Bc4 {[%emt 0:00:04]} Rb6 {[%emt 0:00:03]} 31. e6 {[%emt 0:00:03]} Qf6 {[%emt 0:00:01]} 32. c3 {[%emt 0:00:04]} Qe5 {[%emt 0:00:06]} 33. Rxg6 {[%emt 0:00:02]} Ka7 {[%emt 0:00:02]} 34. Rg8 {[%emt 0:00:01]} Bxe6 {[%emt 0:00:02]} 35. Bxe6 {[%emt 0:00:02]} Rxe6 {[%emt 0:00:01]} 36. Qc4 {[%emt 0:00:15]} Rb6 {[%emt 0:00:03]} 37. a4 {[%emt 0:00:01]} 1-0

[Event "RUS-chT Blitz Men 2018"]
[Site "Sochi"]
[Date "2018.10.10"]
[Round "10"]
[White "Oganian, Miran"]
[Black "Dudin, Gleb"]
[Result "1-0"]
[WhiteElo "2435"]
[BlackElo "2178"]
[Annotator "TA"]
[PlyCount "64"]
[EventDate "2018.10.10"]
[EventType "swiss"]
[EventCountry "RUS"]
[SourceTitle "playchess.com"]
[Source "ChessBase"]
[SourceQuality "1"]

{[%evp 21,64,26,29,23,32,30,24,29,45,37,104,-12,-11,0,-6,-22,-16,-28,-26,-33,0,-6,0,-6,11,14,13,12,20,6,10,0,0,0,47,39,39,37,29,27,59,35,34,10,158]} 1. d4 Nf6 2. c4 e6 3. g3 d5 4. Nf3 dxc4 5. Qa4+ Nbd7 6. Bg2 a6 7. Qxc4 b5 8. Qc6 Rb8 9. Bf4 Nd5 10. Bg5 Be7 11. Bxe7 Qxe7 12. Nc3 {E03: Open Catalan: 5 Qa4+ Nbd7 6 Qxc4} Bb7 13. Nxd5 Bxc6 14. Nxe7 {White has an edge.} Kxe7 15. Rc1 {[#]} Be4 $146 (15... Bd5 $14) ({Predecessor:} 15... Rb6 16. O-O Rc8 17. Rfd1 Bd5 18. Ne5 Nxe5 19. Bxd5 exd5 20. dxe5 Ke6 21. Rc5 Kxe5 22. Rdxd5+ Ke6 23. Rd2 Rd6 24. Rdc2 c6 25. e4 f6 26. Kg2 Kd7 {½-½ (26) Karapchanska,S (2505)-Plomp,M (2585) ICCF email 2010}) 16. Nh4 ({White must play} 16. Rxc7 $16 f6 17. O-O) 16... Bxg2 $11 17. Nxg2 Rhc8 18. Ne3 c5 {[%cal Bc7c5,Bc5c4][%mdl 32]} 19. d5 c4 20. f3 Nf6 21. dxe6 fxe6 22. Kf2 Rd8 23. b3 cxb3 24. axb3 Rbc8 25. Ra1 Rc6 26. Ra3 Rd2 27. Rha1 Rb2 (27... Rdd6 {is more complex.} 28. b4 h5 29. h4 Nd5 30. Rb3 Nc3) 28. Rxa6 Rxa6 29. Rxa6 Rxb3 30. Ra7+ Kf8 31. Nc2 {[#] Hoping for Nd4.} e5 $1 32. Rb7 e4 {Precision: White = 21%, Black = 38%.} (32... Nd5 $11) 1-0

[Event "RUS-chT Blitz Men 2018"]
[Site "Sochi"]
[Date "2018.10.10"]
[Round "10"]
[White "Pogromsky, Mikhail"]
[Black "Savitskiy, Sergey"]
[Result "1-0"]
[WhiteElo "2415"]
[BlackElo "2413"]
[Annotator "TA"]
[PlyCount "87"]
[EventDate "2018.10.10"]
[EventType "swiss"]
[EventCountry "RUS"]
[SourceTitle "playchess.com"]
[Source "ChessBase"]
[SourceQuality "1"]

{[%evp 10,87,37,6,8,0,22,28,22,20,33,-8,75,50,65,64,68,45,58,41,34,36,58,43,41,31,94,49,145,84,173,158,158,120,156,131,129,130,123,37,207,204,195,200,198,185,199,187,232,229,239,235,236,229,329,340,316,306,367,271,344,344,316,314,531,277,276,222,6944,7085,6944,6944,6540,6528,6520,6083,5546,1878,5089,2730]} 1. Nf3 Nf6 2. c4 g6 3. Nc3 Bg7 4. d4 O-O 5. h3 d6 6. Bg5 c5 {E61: King's Indian: Early deviations for White, including Smyslov System} 7. d5 (7. e3 Qa5 8. Qd2 Nc6 9. d5 Nb4 10. a3 b5 11. Rc1 Na6 12. cxb5 Nc7 13. e4 a6 14. e5 Nfxd5 15. b4 Qxa3 16. bxc5 axb5 17. Nxd5 Nxd5 18. Qxd5 dxc5 {1-0 (42) Cramling,P (2491)-Carlsson,P (2485) Borlange 2014}) 7... b5 8. cxb5 a6 {White has an edge.} 9. e3 Bb7 $146 ({Predecessor:} 9... h6 10. Bh4 g5 11. Bg3 Qa5 12. Nd2 axb5 13. Bxb5 Ba6 {½-½ (41) Shilnikov,I (1866)-Foshenko,K (1607) Voronezh 2016}) 10. a4 Nbd7 (10... Qa5 $11 11. Qd2 Nbd7) 11. Be2 axb5 12. Bxb5 h6 13. Bf4 Nb6 {[%cal Rb6d5]} 14. e4 Nxe4 $1 15. Nxe4 {[#] Nc3 is the strong threat.} Nxd5 16. Bd2 {Strongly threatening 0-0.} Nc7 $1 {[%cal Rc7b5]} 17. Nc3 {Hoping for 0-0.} Nxb5 ({Black should try} 17... d5 $14) 18. axb5 {Black must now prevent Rxa8.} e5 (18... Rxa1 $14 19. Qxa1 Qd7) 19. Be3 (19. O-O $142) 19... f5 (19... Rxa1 $16 20. Qxa1 Qc7) 20. Rxa8 $18 Bxa8 21. O-O f4 22. Bc1 e4 23. Nd2 d5 24. Re1 ({White should play} 24. Ndxe4 $16 d4 25. Nxc5 (25. Qb3+ Kh8 $16) 25... dxc3 26. Qxd8 Rxd8 27. bxc3 (27. Bxf4 $2 cxb2 28. Ne6 Rd5 $17)) 24... Kh8 $2 {[#]} (24... e3 $14) 25. Ndxe4 dxe4 26. Qxd8 Rxd8 27. Bxf4 g5 28. Be3 c4 29. Ra1 Bb7 30. Ra7 Rd7 31. b6 Bxc3 (31... Be5 $142 32. Ra5 Bf6) 32. bxc3 {[%mdl 4096] Endgame KRB-KRB} Kg7 33. Bd4+ Kg6 34. g4 h5 35. Kf1 hxg4 36. hxg4 Kf7 $2 (36... Rh7 37. Be5 Bc6) 37. Ke2 Ke6 38. Ke3 Bc6 $2 (38... Bd5 39. Bc5 Bc6) 39. Rxd7 {White is clearly winning.} Kxd7 40. Bf6 Bd5 41. Bxg5 Kc6 42. Bd8 Kd7 43. Bc7 (43. Kd4 $142 Ba8 44. Bh4) 43... Ke6 44. Kd4 {Precision: White = 62%, Black = 34%.} 1-0

[Event "RUS-chT Blitz Men 2018"]
[Site "Sochi"]
[Date "2018.10.10"]
[Round "10"]
[White "Vastrukhin, Oleg"]
[Black "Tsvetkov, Andrey"]
[Result "1-0"]
[WhiteElo "2413"]
[BlackElo "2264"]
[Annotator "TA"]
[PlyCount "101"]
[EventDate "2018.10.10"]
[EventType "swiss"]
[EventCountry "RUS"]
[SourceTitle "playchess.com"]
[Source "ChessBase"]
[SourceQuality "1"]

{[%evp 15,101,0,8,0,10,16,16,16,12,11,32,0,50,21,24,18,21,19,16,16,15,16,135,133,129,127,114,114,114,109,178,194,224,178,369,327,580,578,579,570,874,852,911,895,1429,762,1472,1318,1275,1254,1249,1229,1204,1193,1105,461,440,439,692,668,612,654,635,539,960,933,906,901,2086,1941,2049,2017,2352,2383,2285,2218,1926,1842,1587,1349,2203,1706,1611,900,1862,1645,2317,2193]} 1. Nf3 d5 2. g3 c6 3. Bg2 Bg4 4. Ne5 Bf5 5. d4 Nd7 6. O-O e6 7. c4 Ngf6 8. Nc3 Be7 9. Qb3 {D11: Slav Defence: 3 Nf3 sidelines and 3...Nf6 4 e3 Bg4} Qb6 10. Nxd7 Nxd7 11. e4 $146 {The position is equal.} dxe4 12. Nxe4 O-O 13. Be3 Qa6 14. h3 Rac8 15. Rfd1 b5 16. c5 Bxe4 17. Bxe4 Nf6 18. Bf3 Nd5 (18... Qb7 $1 $11) 19. Bxd5 $16 exd5 20. a4 b4 21. Qxb4 Rb8 22. Qc3 Qe2 (22... Qb7 $16 {might work better.}) 23. b4 $18 a6 24. Kg2 f5 $2 (24... Bf6 {was necessary.} 25. Rd2 Qc4 26. Qxc4 dxc4) 25. Bf4 Rb7 $2 (25... Rbe8 {was called for.} 26. Re1 Qc4 27. Qxc4 dxc4) 26. Re1 {White is clearly winning.} Qh5 {[#]} 27. b5 $1 {[%mdl 512]} axb5 28. axb5 {[%cal Ba4b5,Bb5b6,Bb6a7][%mdl 32]} Qg6 29. Ra6 Rc8 30. Qe3 Kf7 31. b6 Qf6 32. Ra7 Rxa7 33. bxa7 Ra8 34. Bb8 g5 35. Qe5 (35. Qb3 $142) 35... Qxe5 36. Rxe5 {[%mdl 4096] Endgame KRB-KRB} ({Less strong is} 36. dxe5 d4 $16) 36... Kf6 (36... Bf6 $142 37. Rxf5 Ke6) 37. g4 fxg4 38. hxg4 Kf7 39. f4 gxf4 40. Rf5+ Kg6 41. Rxf4 Bf6 42. Kf3 Bg7 43. Ke2 Kg5 44. Ke3 Bh6 45. Kf3 Kg6 46. Rf5 Bg7 47. Ke3 Bh6+ 48. Kd3 Bg7 49. Rf1 Kg5 50. Rf7 Kg6 51. Rc7 {Precision: White = 79%, Black = 30%.} 1-0

[Event "RUS-chT Blitz Men 2018"]
[Site "Sochi"]
[Date "2018.10.10"]
[Round "10"]
[White "Apryshko, Gleb"]
[Black "Nuristani, Iman"]
[Result "0-1"]
[WhiteElo "2399"]
[BlackElo "2242"]
[Annotator "TA"]
[PlyCount "128"]
[EventDate "2018.10.10"]
[EventType "swiss"]
[EventCountry "RUS"]
[SourceTitle "playchess.com"]
[Source "ChessBase"]
[SourceQuality "1"]

{[%evp 9,128,0,-11,-64,-43,-37,-44,-91,-36,-38,-29,-39,-39,-27,-41,-48,-29,-42,-13,-9,-9,-30,-22,-33,-19,-26,0,-42,-33,-28,-20,-39,-41,-41,-33,-53,27,23,47,42,43,0,0,0,51,0,0,0,44,0,0,0,79,0,34,28,191,202,389,412,404,385,461,457,495,486,445,260,231,224,229,233,233,225,211,201,193,187,217,144,225,208,308,232,227,204,197,173,233,0,140,0,0,-8,0,-208,0,0,0,0,0,-130,0,0,0,-24,0,0,0,-96,-97,-410,-331,-308,-297,-1268,-687,-5860,-9994,-29988,-29989]} 1. e4 e6 2. Qe2 b6 (2... c5 3. g3 Nc6 4. Nf3 g6 5. Bg2 Bg7 6. O-O Nge7 7. Rd1 Nd4 8. Nxd4 cxd4 9. c3 Nc6 10. Na3 O-O 11. Nc2 d5 12. exd5 exd5 13. Qf3 Ne5 14. Qxd5 Qxd5 15. Bxd5 {1-0 (64) Kovalenko,I (2639)-Duda,J (2717) Katowice 2017}) 3. b3 Bb7 4. Bb2 Nf6 5. e5 Nd5 6. Qg4 $146 {C00: French: Unusual White 2nd moves} (6. Nf3 $11) ({Predecessor:} 6. c4 Nf4 7. Qg4 g5 8. h4 h5 9. Qg3 Bh6 10. Nc3 Na6 {0-1 (83) Levi,E (2215)-Depasquale,C (2245) Toowoomba 1986}) 6... d6 7. exd6 cxd6 8. Qa4+ {Black is slightly better.} Bc6 ({Black should try} 8... Nd7 $17) 9. Bb5 $15 Qd7 10. Bxc6 Qxc6 11. Qxc6+ Nxc6 12. a3 Rg8 13. Ne2 b5 14. Nbc3 Nxc3 15. Nxc3 Nd4 16. O-O-O Be7 17. Rhe1 Kd7 18. Ne4 Nc6 19. f4 h6 20. Kb1 f5 21. Nf2 Bf6 22. d4 d5 (22... Ne7 $15) 23. Nd3 $11 Rge8 24. Nc5+ Kd6 25. Nb7+ Kc7 26. Nc5 Kd6 27. Nb7+ Kc7 28. Nc5 $36 {[%mdl 2048] White has good play.} Kd6 29. a4 b4 30. Na6 Re7 (30... g5 $11) 31. Bc1 (31. Rd3 $16) 31... Bxd4 {[#] aiming for ...Rb7.} 32. Nxb4 $1 {[%mdl 512]} Bc5 $2 (32... Bc3 $11 33. Nxc6 Kxc6) (32... Nxb4 33. Rxd4) 33. Na6 $1 $18 {[%cal Ra6c5]} Bb6 $2 (33... Ree8 34. Rd3 Bd4) 34. Ba3+ Kd7 35. Bxe7 Kxe7 36. Rxd5 Bf2 37. Re2 Nd4 38. Rxf2 (38. Ree5 $142) 38... exd5 {[%mdl 4096] Endgame KRN-KRN} 39. Rd2 Ne6 40. Rxd5 Nxf4 41. Rxf5 Nxg2 42. Rf2 Nh4 43. Nb4 Kd6 44. Rd2+ Kc5 (44... Ke6 $16 45. Re2+ Kf5) 45. c3 {White threatens a5 and mate.} Nf3 (45... a5 $142) 46. Rd5+ Kb6 47. a5+ Kc7 48. Rc5+ Kd6 (48... Kd7 {was necessary.} 49. Rf5 Ng5) 49. Rd5+ $2 (49. Rc6+ $1 $18 Ke5 50. Rg6) 49... Ke6 (49... Kc7 $1 $11) 50. Rb5 ({White should play} 50. Rh5 $16) 50... Nxh2 $11 51. a6 g5 52. Nc6 $2 (52. Nd5 $11 {and White has nothing to worry.} Rh8 53. Nc7+ Kf6 54. Nd5+ Ke5 55. Nb4+ Ke4 56. Kc2) 52... g4 $2 (52... Nf3 $19 {Hoping for ...g4.} 53. Kc1 g4) 53. Nd4+ Kf6 {Strongly threatening ...g3.} 54. Rh5 Nf3 55. Ne2 {[#]} (55. Nxf3 $1 $11 {remains equal.} Kg6 56. Rh4 gxf3 57. Rf4) 55... Kg6 (55... Re8 $1 $17 {[%cal Re8e2]} 56. Nf4 Re4) 56. Nf4+ Kg7 {Black wants to play ...Rf8.} 57. Ne6+ Kg6 58. Nf4+ Kg7 {With the idea ...Rf8.} 59. Kc2 {[#]} (59. Ne6+ $11 {keeps the balance.} Kf6 60. Nf4 (60. Rxh6+ Kf5 $17)) 59... Rf8 $1 $17 {[%cal Rf8f4]} 60. Ne6+ $2 {[%mdl 8192]} (60. Ne2 $17 {nothing else works.}) 60... Kg6 $19 61. Rb5 Rf6 62. Nd8 $2 (62. Rb6 Ne1+ 63. Kd1) 62... Rxa6 {Threatens to win with ...g3.} 63. Kd3 g3 {[%cal Bg4g3,Bg3g2][%mdl 32]} 64. Ke3 g2 {Precision: White = 38%, Black = 36%.} 0-1

[Event "RUS-chT Blitz Men 2018"]
[Site "Sochi"]
[Date "2018.10.10"]
[Round "10"]
[White "Dilmukhametov, Artur"]
[Black "Sergeyev, Alexander"]
[Result "1-0"]
[WhiteElo "2353"]
[BlackElo "2397"]
[Annotator "NA"]
[PlyCount "66"]
[EventDate "2018.10.10"]
[EventType "swiss"]
[EventCountry "RUS"]
[SourceTitle "playchess.com"]
[Source "ChessBase"]
[SourceQuality "1"]
[TimeControl "180+2"]

1. d4 {[%emt 0:00:00]} Nf6 {[%emt 0:00:00]} 2. Nc3 {[%emt 0:00:01]} d5 {[%emt 0:00:03]} 3. Bf4 {[%emt 0:00:02]} e6 {[%emt 0:00:05]} 4. e3 {[%emt 0:00:01]} Bd6 {[%emt 0:00:04]} 5. Qf3 {[%emt 0:00:01]} O-O {[%emt 0:00:11]} 6. g4 {[%emt 0:00:01]} c5 {[%emt 0:00:21]} 7. g5 {[%emt 0:00:05]} Ne4 {[%emt 0:00:11]} 8. Nxe4 {[%emt 0:00:20]} dxe4 {[%emt 0:00:03]} 9. Qxe4 {[%emt 0:00:11]} Bxf4 {[%emt 0:00:07]} 10. Qxf4 {[%emt 0:00:06]} cxd4 {[%emt 0:00:04]} 11. exd4 {[%emt 0:00:10]} e5 {[%emt 0:00:12]} 12. dxe5 {[%emt 0:00:08]} Nc6 {[%emt 0:00:02]} 13. Nf3 {[%emt 0:00:25]} Qb6 {[%emt 0:00:20]} 14. O-O-O {[%emt 0:00:29]} Be6 {[%emt 0:00:02]} 15. Nd4 {[%emt 0:00:23]} Rac8 {[%emt 0:00:27]} 16. Nxc6 {[%emt 0:00:07]} Rxc6 {[%emt 0:00:22]} 17. Bg2 {[%emt 0:00:13]} Rc4 {[%emt 0:00:08]} 18. Qe3 {[%emt 0:00:08]} Qc7 {[%emt 0:00:14]} 19. c3 {[%emt 0:00:03]} b5 {[%emt 0:00:08]} 20. Bd5 {[%emt 0:00:13]} Bxd5 {[%emt 0:00:04]} 21. Rxd5 {[%emt 0:00:00]} b4 {[%emt 0:00:01]} 22. Rd3 {[%emt 0:00:08]} Rc8 {[%emt 0:00:04]} 23. e6 {[%emt 0:00:10]} bxc3 {[%emt 0:00:11]} 24. Rxc3 {[%emt 0:00:14]} Rxc3+ {[%emt 0:00:03]} 25. bxc3 {[%emt 0:00:00]} fxe6 {[%emt 0:00:03]} 26. Qxe6+ {[%emt 0:00:03]} Kh8 {[%emt 0:00:01]} 27. Qe3 {[%emt 0:00:03]} Qa5 {[%emt 0:00:06]} 28. Kb2 {[%emt 0:00:01]} Rb8+ {[%emt 0:00:03]} 29. Ka1 {[%emt 0:00:01]} Qb5 {[%emt 0:00:05]} 30. Qd2 {[%emt 0:00:01]} a5 {[%emt 0:00:06]} 31. Rd1 {[%emt 0:00:01]} Qb6 {[%emt 0:00:04]} 32. Qc2 {[%emt 0:00:10]} Rf8 {[%emt 0:00:02]} 33. h4 {[%emt 0:00:03]} Qc5 {[%emt 0:00:09]} 1-0

[Event "RUS-chT Blitz Men 2018"]
[Site "Sochi"]
[Date "2018.10.10"]
[Round "10"]
[White "Derjabin, Ilja"]
[Black "Motylev, Alexander"]
[Result "0-1"]
[WhiteElo "2345"]
[BlackElo "2661"]
[Annotator "TA"]
[PlyCount "107"]
[EventDate "2018.10.10"]
[EventType "swiss"]
[EventCountry "RUS"]
[SourceTitle "playchess.com"]
[Source "ChessBase"]
[SourceQuality "1"]

{[%evp 19,107,24,24,0,45,42,54,-5,-5,-5,-5,-8,-7,-7,43,-41,-32,-65,-57,-59,-60,-69,-38,-89,-33,-46,6,-21,-26,-52,-43,-46,-46,-130,-139,-159,-117,-103,-44,-144,-152,-138,-136,-162,-36,-191,-172,-160,-73,-258,-258,-258,-256,-301,-301,-323,-254,-250,-243,-233,-237,-347,-306,-513,-477,-495,-450,-459,-458,-572,-571,-764,-762,-715,-721,-688,-696,-683,-649,-811,-797,-993,-986,-922,-915,-5716,-5073,-1997,-1217,-968]} 1. d4 d5 2. c4 c6 3. Nf3 Nf6 4. Nc3 dxc4 5. a4 e6 6. e3 c5 7. Bxc4 Nc6 {D16: Damengambit (Slawische Verteidigung, Lasker/Smyslow-Variante)} 8. O-O Be7 (8... cxd4 9. exd4 Be7 10. Qe2 O-O 11. Rd1 Nd5 12. Qe4 Nf6 13. Qh4 Nd5 14. Qe4 Nf6 15. Qh4 Nd5 16. Qg3 Bd6 17. Qh3 {½-½ (40) Gelfand,B (2695)-Dubov,D (2696) Sochi 2018}) 9. dxc5 Qxd1 10. Rxd1 Bxc5 {LiveBook: 23 Partien} 11. a5 a6 $146 {[%cal Ba7a6,Ba6b5][%mdl 32]} ({Vorgänger:} 11... O-O 12. Nd2 Rd8 13. Nb3 Rxd1+ 14. Nxd1 Bb4 15. f3 {1-0 (25) Sarana,A (2587)-Bai,J (2579) Qinhuangdao 2018}) 12. Na4 Nxa5 13. Bb5+ (13. Nxc5 $14 Nxc4 14. b3) 13... axb5 $11 14. Nxc5 b6 15. Nd3 Bb7 16. Nd4 Ke7 17. Nxb5 (17. Bd2 $14 Nd5 18. e4 (18. Nxb5 Nb3 $15)) 17... Nb3 $15 18. Rxa8 Rxa8 19. Nd4 $1 {[%cal Rd4b3]} Nxd4 20. exd4 Be4 21. Ne5 (21. Nb4 $15) 21... Ra1 (21... Bc2 $17 22. Re1 Nd5) 22. Re1 Rb1 (22... Bb7 $15) 23. f3 Bd5 24. b4 Ke8 25. Bd2 Rb2 26. Bc3 (26. Bg5 $15) 26... Rc2 $17 27. Re3 Bb7 {...Sd5 ist eine echte Drohung.} 28. Be1 Ra2 (28... Nd5 $17 29. Ra3 f6) 29. Rc3 (29. Nc4 $15) 29... Nd5 $1 {[%csl LRb4,LRc3]} 30. Rc1 f6 31. Nc4 {[#] Droht Sd6+.} Kd7 ({Günstiger ist} 31... Nf4 $1 $19 {[%cal Rf4e2]} 32. Kh1 Ke7) 32. Bf2 $2 (32. b5 $15) 32... Ba6 33. Ne3 {[#]} Nxb4 (33... Nf4 $142 $1 {[%cal Rf4e2]} 34. Rd1 Be2) 34. Rb1 $2 (34. Bg3 $17 {ist der einzige Weg für Weiss..}) 34... Nd3 $19 35. Bg3 b5 36. h4 h5 37. Be1 Nxe1 ({Jedoch nicht} 37... Re2 38. Kf1 $19) 38. Rxe1 {[%mdl 4096] Endspiel KTL-KTS} Bb7 39. Rb1 Bc6 40. g4 (40. Kf1 {ist eine bessere Verteidigung.}) 40... Bxf3 41. g5 $2 (41. gxh5 Kc6 42. Rc1+ Kd6 43. Rb1) 41... Bc6 {Schwarz steht klar auf Gewinn.} 42. Rf1 Ke7 43. gxf6+ gxf6 44. Re1 Kd6 45. Nd1 Rg2+ 46. Kf1 Rh2 47. Nf2 Rxh4 48. Rd1 Bf3 49. Rd3 Bd5 50. Ra3 b4 51. Ra6+ Kc7 {Und ...Lc4+ würde nun gewinnen.} 52. Nd3 Rxd4 53. Nc5 Bc4+ 54. Ke1 {Precision: Weiß = 21%, Schwarz = 49%.} 0-1